ბათუმის შოთა რუსთაველის სახელმწიფო უნივერსიტეტის ბიბლიოთეკა

Conditional Design: An Introduction to Elemental Architecture / (ბიბ.ჩანაწერი № 56481)

000 -LEADER
fixed length control field 00737nam a2200229Ia 4500
001 - CONTROL NUMBER
control field 23594
003 - CONTROL NUMBER IDENTIFIER
control field GE_BSU
005 - DATE AND TIME OF LATEST TRANSACTION
control field 20221108161658.0
008 - FIXED-LENGTH DATA ELEMENTS--GENERAL INFORMATION
fixed length control field 181216s2017||||en |||||||||||||| ||eng||
020 ## - INTERNATIONAL STANDARD BOOK NUMBER
International Standard Book Number 9789063693657x
040 ## - CATALOGING SOURCE
Transcribing agency GE_BSU
041 ## - LANGUAGE CODE
Language code of text/sound track or separate title eng
080 ## - UNIVERSAL DECIMAL CLASSIFICATION NUMBER
Universal Decimal Classification number 745/749 M-30
100 ## - MAIN ENTRY--PERSONAL NAME
Personal name Mari, Anthony Di
9 (RLIN) 4580
245 ## - TITLE STATEMENT
Title Conditional Design: An Introduction to Elemental Architecture /
Statement of responsibility, etc. Anthony Di Mari.
264 ## - PRODUCTION, PUBLICATION, DISTRIBUTION, MANUFACTURE, AND COPYRIGHT NOTICE
Place of production, publication, distribution, manufacture Amsterdam :
Name of producer, publisher, distributor, manufacturer BIS Publishers,
Date of production, publication, distribution, manufacture, or copyright notice 2017.
300 ## - PHYSICAL DESCRIPTION
Extent 156 p.:
Other physical details ill ;
Dimensions 15 cm.
653 ## - INDEX TERM--UNCONTROLLED
keyword Conditional Design: An Introduction to Elemental Architecture
653 ## - INDEX TERM--UNCONTROLLED
keyword Дизайн, Архитектура
653 ## - INDEX TERM--UNCONTROLLED
keyword დიზაინი, არქიტექტურა
942 ## - ADDED ENTRY ELEMENTS (KOHA)
Koha item type წიგნი
Source of classification or shelving scheme
ეგზემპლარები
Withdrawn status Lost status Source of classification or shelving scheme Damaged status Not for loan Permanent Location Current Location Shelving location Date acquired Cost, normal purchase price Full call number Barcode Date last seen Copy number Price effective from Koha item type Public note
          ბათუმის შოთა რუსთაველის სახელმწიფო უნივერსიტეტის მთავარი ბიბლიოთეკა ტექნოლოგიური ფაკულტეტის ბიბლიოთეკა წიგნსაცავი 2018-12-17 40.00 745/749 M-30 58774 2018-12-17 58774 2018-12-17 წიგნი 40.00